| 000 | 00692nam a22002417a 4500 | ||
|---|---|---|---|
| 003 | BCEG | ||
| 005 | 20260317164540.0 | ||
| 008 | 260317s2025 mx |||||||||||||||f|spa d | ||
| 020 | _a9786073856263 | ||
| 040 |
_aBCEG _bspa _cBCEG |
||
| 082 | 0 | 4 |
_a813.54 _bC713a |
| 100 | 1 |
_aCollins, Suzanne, _d1962-. |
|
| 245 | 1 | 0 | _aAmanecer en la cosecha. |
| 260 |
_aCiudad de México : _bPenguin Random House, _c2025. |
||
| 300 | _a491 p. | ||
| 490 | _aMolino. | ||
| 500 | _aLos juegos del hambre --En cubierta. | ||
| 534 |
_pTítulo original: _tSunrise on the reaping. |
||
| 541 | _aDonación. | ||
| 650 | 1 | 4 | _aNovela juvenil estadounidense. |
| 700 | 1 |
_aRamírez Tello, Pilar, _etr. |
|
| 942 | _cBK | ||
| 999 |
_c437106 _d437106 |
||